Είχε δίκιο ο Αΐνστάιν;
Saved in:
| Main Author: | |
|---|---|
| Other Authors: | , |
| Format: | Book |
| Language: | Greek English |
| Published: |
Ηράκλειο :
Πανεπιστημιακές Εκδόσεις Κρήτης,
1994.
|
| Subjects: | |
| Tags: |
Add Tag
No Tags, Be the first to tag this record!
|
MARC
| LEADER | 00000cam a2200000 i 4500 | ||
|---|---|---|---|
| 001 | 1/43759 | ||
| 008 | 950412s1994 gr | ||| |||| ||gre|| | ||
| 020 | |a 960730960X | ||
| 035 | |a 1995 |c ΦΛΕΣΣΑΣ |l 10042107 | ||
| 040 | |a GR-MyUA |b gre |e AACR2 | ||
| 041 | 1 | |a gre |h eng | |
| 082 | 0 | |a 530.11 | |
| 100 | 1 | |a Will, Clifford M., |d 1946- | |
| 245 | 1 | 0 | |a Είχε δίκιο ο Αΐνστάιν; / |c Clifford M. Will ; μετάφραση Μιχάλης Παναγιωτάκης ; επιστημονική επιμέλεια Τάσος Κυπριανίδης. |
| 260 | |a Ηράκλειο : |b Πανεπιστημιακές Εκδόσεις Κρήτης, |c 1994. | ||
| 300 | |a 367 σ. : |b εικ. ; |c 21 εκ. | ||
| 500 | |a Τίτλος πρωτοτύπου: Was Einstein right? : putting general relativity to the test | ||
| 650 | 0 | 0 | |a General relativity (Physics) |
| 650 | 0 | 0 | |a Astrophysics. |
| 700 | 1 | |a Παναγιωτάκης, Μιχάλης, |e trl | |
| 700 | 1 | |a Κυπριανίδης, Τάσος, |e edt | |
| 852 | |a INST |b SAMOS |e 19950412 |h 530.11 WIL |p 005300005700 |q 005300005700 |t BK |y 0 | ||
| 909 | |a Σ |b 038878 | ||